| 000 | 00848cab a2200253 4500 | ||
|---|---|---|---|
| 001 | X83717 | ||
| 008 | 090401t1997 xxu||||| |||| 00| 0 eng d | ||
| 035 | _a(Sirsi) u78102 | ||
| 041 | _aeng | ||
| 245 | _aBNP Mortgages Ltd v Barton Cook and Sams | ||
| 260 | _c1997 | ||
| 350 | _a0 | ||
| 490 |
_aConstruction Law Journal _v[1997] 13 CLJ 118-127(10) |
||
| 520 | _aQBD 18 February 1994. Negligence - valuers - mortgage lender - whether 13% was within acceptable range of valuation - determination of true value. HEADNOTE FROM JOURNAL. | ||
| 650 | _aBNP MORTGAGES LTD V BARTON COOK AND SAMS | ||
| 650 | _aMORTGAGE ARREARS | ||
| 650 | _aNEGLIGENCE | ||
| 650 | _aNEGLIGENT VALUATION | ||
| 650 | _aREPOSSESSION | ||
| 650 | _aVALUERS | ||
| 690 | _aMANAGEMENT-BUSINESS MANAGEMENT-PROFESSIONAL PRACTICE | ||
| 942 | _n0 | ||
| 948 | _c01/05/1997 | ||
| 999 |
_c49142 _d49142 |
||